000
00296nam a22001337a 4500
020
_a
81-304-0209-2
082
_a
920
_b
TIN/G
100
_a
DUA,SHYAM
245
_a
SIKH GURUS
260
_a
DELHI
_b
TINY TOT PUBLICATIONS
_c
2011
300
_a
192
650
_a
GREAT 10 SIKH GURUS
_z
DELHI
942
_c
BK
999
_c
6385
_d
6385